000 00903nam a2200217 i 4500
001 164723
003 ES-MaACL
005 20250807210536.0
008 050808s1869 sp | |||||||| ||spa d
040 _aCAM
_bspa
_cCAM
100 1 _aSanromá, Joaquín María,
_d1828-1895
_9103198
245 1 0 _aPrimera conferencia sobre la educacion social de la mujer
_b: 21 de Febrero de 1869 /
_cpor Joaquin María Sanromá.
260 _aMadrid :
_b[s.n.],
_c1869 (
_fImprenta y estereotipia de M. Rivadeneyra)
300 _a22 p. ;
_c18 cm.
490 1 _aConferencias dominicales sobre la educacion de la mujer
594 _aPrecede al título: Universidad de Madrid.
650 4 _aMujeres-
_xEducación
_912094
830 0 _aConferencias dominicales sobre la educacion de la mujer
_9222367
852 _aES-MaACL
_jFol-Laf-570
_z-- Rust.
_z-- Legado M. de la Fuente
999 _c164723
_d164723